Jeux de fiction - Statistiques

Statistiques générales
  • Ce quiz a été pris 37 fois
  • Le résultat moyen est 5 sur 20
Statistiques - réponses
Jeu de fiction Univers % Correct
Squid Games Squid Game
92%
Beyblade Beyblade
89%
Hunger Games Hunger Games
86%
Bavboule Harry Potter
61%
Duel de monstres Yu-Gi-Oh
50%
Voltorbataille Pokémon
36%
Gwynt The Witcher
28%
Gun-gi Hunter X Hunter
17%
Sloubi Kaamelott
17%
Capture-l'Étendard Percy Jackson
17%
Dejarik Star Wars
17%
Pai Sho Avatar Le Dernier Maître de l'Air
11%
Blitzball Final Fantasy
11%
Caravan Fallout
3%
Octoball The Legend of Zelda
3%
Blernsball Futurama
0%
Cripple Mr.Onion Les Annales du Disque-Monde
0%
Grande Traque Running Man
0%
Fizzbin Star Trek
0%
Programme Sark Tron
0%
Aucun quiz correspondant
Distribution des résultats
% des personnes avec chaque résultat
Percentile par nombre de réponses
Votre historique - résultats
Vous n’avez pas pris ce quiz